España vista otra vez

Gespeichert in:
Bibliographische Detailangaben
1. Verfasser: Noel, Martín S.
Format: Buch
Sprache:Spanisch
Erschienen: Madrid : Editorial España, 1929
Katalog:MANES:  Suchergebnis im Bibliothekskatalog
Schulbuchspezifische Eigenschaften:
Tags: Tag hinzufügen
Keine Tags, Fügen Sie den ersten Tag hinzu!
Hinzugefügt zu:26.09.1999
Geändert in:07.05.2025

MARC

LEADER 00000cam a2200000 i 4500
003 OSt
005 20250507134558.0
008 990927s1929 espa 000 0 spa d
040 |a uned  |b spa  |c entro-manes 
100 1 |a Noel, Martín S.  |9 40850 
245 1 0 |a España vista otra vez /   |c Martín S. Noel 
260 |a Madrid :   |b Editorial España,   |c 1929 
300 |a 290 p. :   |b il.  |c 22 x 16 cm 
500 |a Libro de viajes por España 
546 |a España 
561 |5 es-BUNED  |3 L.T. 3786  |a España. Fondo Manes UNED  |k MANES 
690 0 |a HI  |a EyL 
691 0 |a SE 
942 |2 ddc  |c BK 
999 |c 97754  |d 97754 
999 |c manes:97754  |d 97754